Effect of different inoculum levels of Meloidogyne incognita on the growth and biochemical constitutents of Pueraria phaseoloides (Record no. 52946)

MARC details
000 -LEADER
fixed length control field 00658nam a2200157Ia 4500
100 ## - MAIN ENTRY--AUTHOR NAME
Personal name Thankamony S.
245 #0 - TITLE STATEMENT
Title Effect of different inoculum levels of Meloidogyne incognita on the growth and biochemical constitutents of Pueraria phaseoloides
260 ## - PUBLICATION, DISTRIBUTION, ETC. (IMPRINT)
Name of publisher In: Preprints of Papers. International Natural Rubber Conference, India 2005, 6-8 November 2005, Rubber Research Institute of India, Kottayam, Kerala, India, pp. 526-531.
Year of publication 2005
650 ## - SUBJECT ADDED ENTRY--TOPICAL TERM
Topical Term Meloidogyne incognita
650 ## - SUBJECT ADDED ENTRY--TOPICAL TERM
Topical Term Pueraria phaseoloides
700 ## - ADDED ENTRY--PERSONAL NAME
Personal name Jacob C.K.
700 ## - ADDED ENTRY--PERSONAL NAME
Personal name Jose V.T.
700 ## - ADDED ENTRY--PERSONAL NAME
Personal name Kothandaraman R.
942 ## - ADDED ENTRY ELEMENTS (KOHA)
Koha item type Bibliography STAF
Holdings
Withdrawn status Lost status Damaged status Not for loan Home library Current library Date acquired Koha item type
      Bibliography RRII Library RRII Library 09/04/2014 Bibliography STAF